|
|
|
|
| LEADER |
00000nam0a2200000 4500 |
| 001 |
67199 |
| 005 |
20231031073354.0 |
| 010 |
|
|
|a 5804102494
|
| 035 |
|
|
|a (RuTPU)RU\TPU\book\71561
|
| 090 |
|
|
|a 67199
|
| 100 |
|
|
|a 20040914d2004 m y0rusy50 ca
|
| 101 |
0 |
|
|a rus
|
| 102 |
|
|
|a RU
|
| 105 |
|
|
|a y eg 000zy
|
| 200 |
1 |
|
|a Большой словарь-справочник кадровика
|f Ю. А. Лукаш
|
| 210 |
|
|
|a Москва
|c Книжный мир
|d 2004
|
| 215 |
|
|
|a 512 с.
|
| 225 |
1 |
|
|a Библиотека профессиональных словарей
|
| 610 |
1 |
|
|a экономика
|
| 610 |
1 |
|
|a труд
|
| 610 |
1 |
|
|a кадры
|
| 610 |
1 |
|
|a персонал
|
| 610 |
1 |
|
|a трудовое право
|
| 610 |
1 |
|
|a кадровое делопроизводство
|
| 610 |
1 |
|
|a словари
|
| 610 |
1 |
|
|a справочники
|
| 686 |
|
|
|a У9(2)240я2
|v LBC/SL-A
|2 rubbk
|
| 686 |
|
|
|a Х627я2
|v LBC/SL-A
|2 rubbk
|
| 700 |
|
1 |
|a Лукаш
|b Ю. А.
|g Юрий Александрович
|
| 801 |
|
1 |
|a RU
|b 63413507
|c 20040914
|g PSBO
|
| 801 |
|
2 |
|a RU
|b 63413507
|c 20180723
|g PSBO
|
| 942 |
|
|
|c BK
|